| 000 | 00510nam a2200229Ia 4500 | ||
|---|---|---|---|
| 008 | 210210b1921 xxu||||| |||| 00| 0 eng d | ||
| 041 | _aeng | ||
| 082 | _a335/199 | ||
| 100 | _aMANN | ||
| 245 | _aLand and labour in a deccan village | ||
| 260 |
_aLondon _bOxford University Press _c1921 |
||
| 650 | _avillage | ||
| 650 | _aLand | ||
| 650 | _alabour | ||
| 650 | _ain | ||
| 650 | _adeccan | ||
| 650 | _aand | ||
| 650 | _aa | ||
| 690 | _aIndian Economics | ||
| 700 | _aKANITKAR | ||
| 906 | _a004541 | ||
| 999 |
_c126221 _d126221 |
||